00829nam a22001577a 4500008004100000020001500041050002100056100003800077245008500115260003000200300003600230500004000266504003300306505031800339650001400657180807s2014 mx a|||| |||| 00| 0 spa d a7064610321 aHF5667bM36 2014 aMartinez Villegas, Fabian eautor13aEl contador público y la auditoria administrativac / Fabian Martinez Villegas aMéxicob : Pacjc, 2014 a239 páginasb : ilustraciones aIncluye: apéndices (pp. 195-231)  aBibliografía (pp. 237-239) aAuditoria contable Auditoria administrativa Bases de la auditoria administrativa Planeación Organización Dirección Control Programa de auditoria administrativa Recopilación de datos Análisis de la información Informe de auditoria administrativa Plan de organización Auditoria administrativa contable 0aAUDITORIA